Éric Zemmour - Statistiques

Statistiques générales
  • Ce quiz a été pris 303 fois
  • Le résultat moyen est 4 sur 9
Statistiques - réponses
Question Réponse % Correct
Quel âge à Éric Zemmour lors de l'élection présidentielle 2022 ? 63
75%
Combien a-t-il d'enfants ? 3
72%
Dans quelle pays a vécu Éric pendant une partie de son enfance ? Algérie
72%
Quel est le nom du parti politique créé le 5 décembre 2021 par Éric Zemmour ? Reconquête
71%
Quelle est sa religion ? Judaïsme
55%
De quel ancien président, Éric Zemmour a-t-il écrit une biographie ? Jacques Chirac
35%
Dans quelle ville est né Zemmour ? Montreuil
35%
Quelle est le prénom de sa femme ? Mylène
14%
Quel est le nom complet d’Éric Zemmour ? Éric Justin Léon Zemmour
13%
Aucun quiz correspondant
Distribution des résultats
% des personnes avec chaque résultat
Percentile par nombre de réponses
Votre historique - résultats
Vous n’avez pas pris ce quiz